| 000 | 00850nam a22002297a 4500 | ||
|---|---|---|---|
| 999 |
_c19857 _d19857 |
||
| 003 | AR-CdUCM | ||
| 008 | 190523b ||||| |||| 00| 0 spa d | ||
| 040 |
_aMUNICIPALIDAD PROVINCIAL DEL CUSCO _cBIBLIOTECA MUNICIPAL DEL CUSCO |
||
| 082 |
_a535.1 / _bT19 |
||
| 100 |
_aTannenbaum, Beulah _929829 |
||
| 245 |
_aLas maravillas de la luz : _bsecretos de sus rayos visibles e invisibles / |
||
| 260 |
_aBuenos Aires : _bAcme, _c1964. |
||
| 300 |
_a176 páginas ; _bIlustraciones, _c19 cm. |
||
| 505 | _aContenido: El sol fabuloso -- Secretos del sol -- Rápido como el relámpago -- La gente cabeza abajo... | ||
| 650 |
_aSistema solar _926751 |
||
| 650 |
_aLuz _915838 |
||
| 650 |
_aRefracción _919998 |
||
| 700 |
_aStillman, Myra _929830 |
||
| 700 |
_aScherotter, Gustav (ilustraciones) _941513 |
||
| 942 |
_2ddc _cLIBROS |
||
| 945 |
_adavv _d2019-05-23 |
||